| 000 | 00997cam a2200289 a 4500 | ||
|---|---|---|---|
| 999 |
_c26272 _d26272 |
||
| 001 | 1562625 | ||
| 005 | 20170203152437.0 | ||
| 008 | 920416s1992 maua 000 0 eng | ||
| 010 | _a 92053194 | ||
| 020 |
_a0821219855 : _c$29.95 |
||
| 040 |
_aDLC _cDLC _dDLC |
||
| 043 | _ae-uk-en | ||
| 050 | 0 | 0 |
_aNC735 _b.B56 1992 |
| 100 | 1 | _aBowen, Ron. | |
| 245 | 1 | 0 |
_aDrawing masterclass / _cRon Bowen. |
| 250 | _a1st North American ed. | ||
| 260 |
_aBoston : _bBulfinch Press, _cc1992. |
||
| 300 |
_a160 p. : _bill. (some col.) ; _c30 cm. |
||
| 610 | 2 | 0 | _aSlade School of Fine Art. |
| 650 | 0 |
_aDrawing _xTechnique. |
|
| 650 | 0 |
_aDrawing _xStudy and teaching. |
|
| 942 |
_2lcc _cBOOKS _hNC735 .B56 1992 |
||